Tři skladby, op. 3 violino e piano /

Main Author: Novák, Vítězslav, 1870-1949
Other Authors: Feld, Jindřich, 1883-1953
Language: No linguistic content
Published: Praha : Orbis, 1951
Edition: 1. vyd.
Physical Description: 13, 3 s.
Musical Score Musical Score
Saved in:
LEADER 00915ncm a22002412a 4500
001 000566757
003 CZ BrMZK
005 20120315144046.0
007 qu
008 000105s1951 xr zxx d
040 |a BOA001  |b cze 
072 7 |a 787  |x Hudba pro strunné a smyčcové nástroje  |2 Konspekt  |9 9 
100 1 |a Novák, Vítězslav,  |d 1870-1949  |7 jk01090543  |4 cmp 
245 1 0 |a Tři skladby, op. 3  |h [hudebnina] :  |b violino e piano /  |c Vítězslav Novák ; rev. Jindřich Feld 
250 |a 1. vyd. 
260 |a Praha :  |b Orbis,  |c 1951 
300 |a 13, 3 s. 
700 1 |a Feld, Jindřich,  |d 1883-1953  |7 ola2001100310  |4 edt 
910 |a BOA001  |b Mus4-0270.352  |b Mus4-0935.907 
990 |a MU 
991 |b 201007 
996 7 |b 2619053718  |c Mus4-0935.907  |l MZK  |r Sklad / do 1 hodiny  |n 0  |w 000566757  |u 000020  |a 1  |e BOA001  |j MZK50  |s A 
996 7 |b 2619731680  |c Mus4-0270.352  |l MZK  |r Sklad / do 1 hodiny  |n 4  |w 000566757  |u 000010  |a 1  |e BOA001  |j MZK50  |s A